Distribution par images - Le Routard - Statistiques

Statistiques générales
  • Ce quiz a été pris 9 fois
  • Le résultat moyen est 5 sur 9
Statistiques - réponses
Par images Hint Réponse % Correct
Karol Kowalski Christian Clavier
100%
Charoux Michel Blanc
100%
Boris Fred Testot
88%
Yann Tatin Hakim Jemili
88%
Sofia Berrada Manon Azem
38%
Mounir Medi Sadoun
25%
Marc-Aziz Garnier Philippe Lefebvre
25%
Corine Bubard Céline Groussard
13%
Bruno Bubard Jérôme Pouly
13%
Aucun quiz correspondant
Distribution des résultats
% des personnes avec chaque résultat
Percentile par nombre de réponses
Votre historique - résultats
Vous n’avez pas pris ce quiz